000 00642nam a2200241Ia 4500
003 OSt
005 20220924130810.0
006 a|||||r|||| 00| 0
007 ta
008 220923b |||||||| |||| 00| 0 san d
024 _a247062
037 _cTextual
040 _aARTS
_cARTS
_bsan
041 _2san
_asan
082 _aO15v2, 152G1
100 _aOnkar Singh
_9200698
245 0 _aShrimad bhagvadgeeta bhashya
260 _aU.P.
_bOnkar Upasana Prachar India
_c1931
300 _a286p.
_ccm.
650 _aSANSKRIT LITERATURE
942 _hO15v2, 152G1
_cTEXL
_2CC
999 _c425379
_d425379